| 000 | 01002nam a22003135a 4500 | ||
|---|---|---|---|
| 005 | 20150819150121.0 | ||
| 008 | 150816t1995 ohua|||frb||| 001 0 eng d | ||
| 010 | _a94023033 | ||
| 020 | _a0538847107 | ||
| 020 | _a9780538847100 | ||
| 040 |
_aEG-ScBUE _beng _cEG-ScBUE |
||
| 082 | 0 | 4 |
_a330.9 _bRID _222 |
| 100 | 1 | _aRider, Christine. | |
| 245 | 1 | 3 |
_aAn introduction to economic history / _cChristine Rider. |
| 260 |
_aCincinnati : _bSouth-Western College Publishing, _cc.1995. |
||
| 300 |
_axiii, 594 p. : _bill ; _c24 cm. |
||
| 500 | _aGlossary : p. 575- 584. | ||
| 500 | _aIndex : p. 585- 594. | ||
| 504 | _aIncludes bibliographical references. | ||
| 590 | _aMenna elemam | ||
| 650 | 0 | 0 |
_aEconomic history. _2BUEsh |
| 650 | 0 | 0 |
_aMercantile system. _2BUEsh |
| 650 | 0 | 0 |
_aIndustrial revolution. _2BUEsh |
| 650 | 0 | 0 |
_aCapitalism. _2BUEsh |
| 650 | 0 | 0 |
_aInternational economic relations. _2BUEsh |
| 651 | _2BUEsh | ||
| 653 |
_bBUSECO _cAugust2015 |
||
| 942 |
_cTB _k330.9 RID _2ddc |
||
| 999 |
_c8935 _d1629 |
||